000 00505nam a2200193Ia 4500
008 101110s9999 xx 000 0 und d
041 _aENGLISH
082 _bSR14941
_a301.1
100 _aLindgren Henry Clay
245 _aAn Introduction to Social Psychology
365 _b32
520 _aPsychology
546 _aENGLISH
630 _aAn Introduction to Social Psychology
650 _aPsychology
655 _aPsychology
730 _aAn Introduction to Social Psychology
942 _cBOOK
999 _c808936
_d808933